<?xml version="1.0" encoding="UTF-8"?>
<record
    xmlns:xsi="http://www.w3.org/2001/XMLSchema-instance"
    xsi:schemaLocation="http://www.loc.gov/MARC21/slim http://www.loc.gov/standards/marcxml/schema/MARC21slim.xsd"
    xmlns="http://www.loc.gov/MARC21/slim">

  <leader>00969aab a2200193 i 4500</leader>
  <controlfield tag="001">768714001</controlfield>
  <controlfield tag="003">CO-MdFUSB</controlfield>
  <controlfield tag="005">20241002062722.0</controlfield>
  <controlfield tag="008">240410t1984    ag ||||| |||| 00| 0 spa d</controlfield>
  <datafield tag="040" ind1=" " ind2=" ">
    <subfield code="b">spa</subfield>
    <subfield code="c">CO-MdFUSB</subfield>
  </datafield>
  <datafield tag="041" ind1=" " ind2=" ">
    <subfield code="a">spa</subfield>
  </datafield>
  <datafield tag="100" ind1="1" ind2=" ">
    <subfield code="a">Deiros, Pablo A. (Alberto) (1945-)</subfield>
    <subfield code="e">autor</subfield>
  </datafield>
  <datafield tag="245" ind1=" " ind2=" ">
    <subfield code="a">Misioneros a pesar de todo</subfield>
    <subfield code="c">/ Pablo A. Deiros</subfield>
  </datafield>
  <datafield tag="300" ind1=" " ind2=" ">
    <subfield code="a">Volumen 3, n&#xFA;mero 4 (diciembre, 1984), p&#xE1;ginas: 151 - 153</subfield>
    <subfield code="c">; 27 cm</subfield>
  </datafield>
  <datafield tag="520" ind1=" " ind2=" ">
    <subfield code="a">Perspectiva hist&#xF3;rica del siglo IV, cuando Etiop&#xED;a ya hab&#xED;a establecido, organizado, expandido y nombrado su propio obispo como una forma de cristianismo.  Adem&#xE1;s, muestra como las personas y las circunstancias bajo el gobierno soberano de Dios conducen a la expansi&#xF3;n de la fe en Cristo.
</subfield>
  </datafield>
  <datafield tag="650" ind1=" " ind2="7">
    <subfield code="a">Cristianismo</subfield>
    <subfield code="x">Historia</subfield>
    <subfield code="y">0030-0600 (Iglesia primitiva)</subfield>
    <subfield code="2"></subfield>
    <subfield code="9">217</subfield>
  </datafield>
  <datafield tag="773" ind1="0" ind2=" ">
    <subfield code="t">Iglesia y Misi&#xF3;n</subfield>
    <subfield code="0">49402</subfield>
    <subfield code="9">59687</subfield>
    <subfield code="g">Volumen 3, n&#xFA;mero 4 (diciembre, 1984), p&#xE1;ginas: 151 - 153</subfield>
    <subfield code="q">p&#xE1;gina: 151 </subfield>
  </datafield>
  <datafield tag="942" ind1=" " ind2=" ">
    <subfield code="c">ANA</subfield>
  </datafield>
  <datafield tag="999" ind1=" " ind2=" ">
    <subfield code="c">51538</subfield>
    <subfield code="d">51538</subfield>
  </datafield>
</record>
